LIBRARY & INFORMATION CENTRE, KCAET, TAVANUR

ONLINE PUBLIC ACCESS CATALOGUE (OPAC)

Normal view MARC view
  • Adams, Noman Lisley

Entry Personal Name

Number of records used in: 1

001 - CONTROL NUMBER

  • control field: 7042

003 - CONTROL NUMBER IDENTIFIER

  • control field: OSt

005 - DATE AND TIME OF LATEST TRANSACTION

  • control field: 20250130160453.0

008 - FIXED-LENGTH DATA ELEMENTS

  • fixed length control field: 250130|| aca||aabn | a|a d

040 ## - CATALOGING SOURCE

  • Original cataloging agency: OSt
  • Transcribing agency: OSt

100 ## - HEADING--PERSONAL NAME

  • Personal name: Adams, Noman Lisley

670 ## - SOURCE DATA FOUND

  • Source citation: Work cat.: (OSt)7215: Page, Leigh . 7041, Principles of electricity: An intermediate text in electricity and magnetism / , 1960.
free website counter